000 00604nas a2200229 4500
001 BR8601160
003 BR-BrBNA
005 20231205090351.0
007 ta
008 230509b bl.|||p| |||| 00| 00por d
040 _aBR-BrBNA
_bpor
_cBiblioteca Nacional de Agricultura
041 _a(Pt)
072 _aL02
100 1 _aAnon.
245 1 _aVitamina dende engorda [racao]
650 _aFRANGO
650 _aDENDE
650 _aRACAO
773 0 _tGlobo Rural (Brazil)
_xISSN 0102-6178
_g(Feb 1986), v. 1(5) p. 12
_wBR8601160
909 _a202311
_bLúcia
_c55
_dLúcia Elande
942 _2AGRIS
_n0
_cANA
999 _c117923
_d117923